My Top 50 Most Streamed Drake Songs - Statistics

General Stats
  • This quiz has been taken 33 times
    21 since last reset
  • The average score is 25 of 121
Answer Stats
Rank Song Listens Album % Correct
10) Passionfruit 74 More Life
80%
9) Fair Trade 76 Certified Lover Boy
67%
31) One Dance 40 Views
67%
34) Champagne Poetry 36 Certified Lover Boy
60%
God's Plan Scorpion
60%
Knife Talk Certified Lover Boy
53%
Hotline Bling Views
47%
2) Jimmy Cooks 112 Honestly, Nevermind
47%
25) Nice For What 47 Scorpion
47%
TSU Certified Lover Boy
47%
Way 2 Sexy Certified Lover Boy
47%
47) Chicago Freestyle 22 Dark Lane Demo Tapes
40%
20) Hold On, We're Going Home 55 Nothing Was the Same
40%
33) In My Feelings 37 Scorpion
40%
Not You Too Dark Lane Demo Tapes
40%
24) Rich Flex 48 Her Loss
40%
44) Emotionless 25 Scorpion
33%
Energy If You're Reading This It's Too Late
33%
7) Flight's Booked 81 Honestly, Nevermind
33%
Portland More Life
33%
Pound Cake/ Paris Morton Music 2 Nothing Was the Same
33%
12) Race My Mind 68 Certified Lover Boy
33%
Teenage Fever More Life
33%
45) DIE TRYING 24 $ome $exy $ongs 4 U
27%
3) Fake Love 104 More Life
27%
42) Gyalchester 27 More Life
27%
35) Headlines 35 Take Care
27%
IMY2 Certified Lover Boy
27%
15) Legend 63 If You're Reading This It's Too Late
27%
Marvins Room Take Care
27%
16) Mob Ties 61 Scorpion
27%
Pipe Down Certified Lover Boy
27%
21) The Motto 54 Take Care
27%
Virginia Beach For All The Dogs
27%
36) All The Parties 34 For All The Dogs
20%
28) Broke Boys 43 Her Loss
20%
Calling For You For All The Dogs
20%
CN TOWER $ome $exy $ongs 4 U
20%
Daylight For All The Dogs
20%
Doing It Wrong Take Care
20%
Drew A Picasso For All The Dogs
20%
Feel No Ways Views
20%
14) Hours In Silence 64 Her Loss
20%
26) Laugh Now Cry Later 46 (Single)
20%
Liability Honestly, Nevermind
20%
Money In The Grave The Best In The World Pack
20%
1) N 2 Deep 132 Certified Lover Boy
20%
30) No Friends In The Industry 41 Certified Lover Boy
20%
Nonstop Scorpion
20%
Rich Baby Daddy For All The Dogs
20%
Shot For Me 31 Take Care
20%
48) Slime You Out 21 For All The Dogs
20%
Spin Bout U Her Loss
20%
The Motion Care Package
20%
Time Flies Dark Lane Demo Tapes
20%
40) Too Good 29 Views
20%
Tried Our Best For All The Dogs
20%
What Did I Miss? (Single)
20%
What Would Pluto Do For All The Dogs
20%
10 Bands If You're Reading This It's Too Late
13%
8am in Charlotte For All The Dogs
13%
11) A Keeper 73 Honestly, Nevermind
13%
46) Another Late Night 23 For All The Dogs
13%
49) Bahamas Promises 20 For All The Dogs
13%
8) Blue Tint 77 Scorpion
13%
22) Calling My Name 50 Honestly, Nevermind
13%
27) Circo Loco 44 Her Loss
13%
6) Come Thru 83 Nothing Was the Same
13%
39) Crew Love 30 Take Care
13%
17) D4L 60 Dark Lane Demo Tapes
13%
Desires Dark Lane Demo Tapes
13%
Don't Matter To Me Scorpion
13%
13) Falling Back 65 Honestly, Nevermind
13%
Fear Of Heights For All The Dogs
13%
Finesse Scorpion
13%
Free Smoke More Life
13%
38) From Time 32 Nothing Was the Same
13%
4) Get Along Better 92 Certified Lover Boy
13%
GIMME A HUG $ome $exy $ongs 4 U
13%
How Bout Now Care Package
13%
18) Jumpman 58 What a Time To Be Alive
13%
Know Yourself If You're Reading This It's Too Late
13%
Lemon Pepper Freestyle Scary Hours 2
13%
Love All Certified Lover Boy
13%
Major Distribution Her Loss
13%
More M's Her Loss
13%
MOTH BALLS $ome $exy $ongs 4 U
13%
29) No Long Talk 42 More Life
13%
Practice Take Care
13%
Privileged Rappers Her Loss
13%
Pussy & Millions Her Loss
13%
Search & Rescue (Single)
13%
19) Wants and Needs 56 Scary Hours 2
13%
What's Next Scary Hours 2
13%
You Broke My Heart For All The Dogs Scary Hours Edition
13%
23) 4pm in Calabasas 49 Care Package
7%
37) 6 God 33 If You're Reading This It's Too Late
7%
6 Man If You're Reading This It's Too Late
7%
7969 Santa For All The Dogs
7%
43) Back To Back 26 (Single)
7%
51) BBL Love (Interlude) 18 For All The Dogs
7%
41) Can't Take A Joke 28 Scorpion
7%
50) Digital Dash 19 What a Time To Be Alive
7%
Elevate Scorpion
7%
Family Matters (Single)
7%
5) Landed 88 Dark Lane Demo Tapes
7%
Overdrive Honestly, Nevermind
7%
Polar Opposites For All The Dogs
7%
Push Ups (Single)
7%
Right Hand (Single)
7%
SPIDER-MAN SUPERMAN $ome $exy $ongs 4 U
7%
That's How You Feel Scorpion
7%
Tie That Binds Honestly, Nevermind
7%
Treacherous Twins Her Loss
7%
Worst Behavior Nothing Was the Same
7%
32) act ii: date @ 8 (remix) 38 (Single)
0%
Girls Need Love (Remix) (Single)
0%
Nothings Into Somethings More Life
0%
Only You Freestyle (Single)
0%
On The Radar Freestyle (Single)
0%
RAINING IN HOUSTON $ome $exy $ongs 4 U
0%
No matching quizzes found
Score Distribution
Percent of People with Each Score
Percentile by Number Answered
Your Score History
You have not taken this quiz since the last reset